00726nam a2200205Ia 4500003000900000008004100009040001600050080001900066110003700085245011800122260005200240300001400292650001300306650004100319650001400360650002100374942000700395999001500402952010300417IN-BaIIA211028s9999 xx 000 0 eng d cIIA Library a059:52bIAE-89 aIndia. Meteorological Department 4aThe indian astronomicaleEphemeris for the year 1989cIndia Meteorological Department  aCalcuttabIndia Meteorological Departmentc1988 avi, 570p. aAlmanacs aAstronomy and Astrophysics Thesaurus aEphemeris aIndian Ephemeris cBK c9367d9367 00102ddc4070aBANbKODcGENd0000-00-00l0o059:52/ IND-89p10277r2021-11-05w0000-00-00yBKG